Transsilvania Specialis. (Erdélyi városok). Udvarhely
Elmentve itt :
| Szerző: | |
|---|---|
| Adatforrás: | Meister |
| Forrásdokumentuma: | Helikon. - 1 sz., 1995, 18-20 p. |
| Nyelv: | magyar |
| Kulcsszavak: | várostörténet kisebbségtörténet Udvarhely BETHLEN Farkas JÁNOS ZSIGMOND (király) MIHAI VITEAZUL (vajda) |
| LEADER | 00523nab a2200181 i 4500 | ||
|---|---|---|---|
| 001 | bibPRO00009535 | ||
| 008 | 060524s1995 xx hun | ||
| 040 | |a Sz1 | ||
| 041 | |a hun | ||
| 100 | 1 | |a BENKŐ József | |
| 245 | 1 | 0 | |a Transsilvania Specialis. (Erdélyi városok). Udvarhely |c BENKŐ József |
| 695 | |a várostörténet | ||
| 695 | |a kisebbségtörténet | ||
| 695 | |a Udvarhely | ||
| 695 | |a BETHLEN Farkas | ||
| 695 | |a JÁNOS ZSIGMOND (király) | ||
| 695 | |a MIHAI VITEAZUL (vajda) | ||
| 773 | 0 | |t Helikon. - |g 1 sz., 1995, 18-20 p. | |